000 00325nam a22001217a 4500
003 OSt
008 250128b |||||||| |||| 00| 0 eng d
041 _aeng
100 _aISI
_97009
245 _aMethods of Test for Drawn Performance Agricultural Tractor IS:12226
260 _bIndian Standard Institution,
_c1973.
942 _cBK
999 _c19153
_d19153